000
00328nam a22001457a 4500
005
20251108172405.0
008
250721s1972 xx 000 0 eng d
082
1
4
_a
F/FIR
245
1
0
_a
Fireside tales /
264
1
_a
London :
_b
Purnell,
_c
1972.
300
_a
156p.
650
1
7
_a
Fiction
942
_2
ddc
_c
BK
999
_c
78076
_d
78076